| 000 | 01293cam a2200313 a 4500 | ||
|---|---|---|---|
| 001 | 2496 | ||
| 005 | 20231212161026.0 | ||
| 020 | _a9780545074940 | ||
| 020 | _a9780439020084 | ||
| 040 |
_aDLC _cDLC _dDLC _beng |
||
| 050 | 0 | 0 |
_aDS135.R73 _bG773 2009 |
| 082 | 0 | 0 |
_a940.53/18092 _aB _223 |
| 100 | 1 |
_aGross, Elly Berkovits _d1929- |
|
| 245 | 1 | 0 |
_aElly : _bmy true story of the Holocaust / _cElly Berkovits Gross |
| 250 | _aFirst Scholastic printing, September 2007 | ||
| 260 |
_aNew York : _bScholastic, _c2009 |
||
| 300 |
_a109 pages : _billustrations ; _c20 cm |
||
| 500 | _a"Originally published in part as Storm against the innocents"--T.p. verso. | ||
| 505 | _aP | ||
| 520 | _aRelates how the author was torn from her happy home and sent to Birkenau by the Nazis, describing how she worked long hours and fought for survival before being set free at the end of the war and beginning a new life in America. | ||
| 521 |
_a730 _bLexile |
||
| 521 |
_aP _bRaz-Plus |
||
| 650 | 0 |
_aJews _zRomania _zSimleul-Silvaniei _vBiography. |
|
| 650 | 0 |
_aHolocaust, Jewish (1939-1945) _vPersonal narratives. |
|
| 650 | 0 |
_aHolocaust, Jewish (1939-1945) _vPoetry. |
|
| 700 | 1 |
_aGross, Elly _d1929- _tStorm against the innocents. |
|
| 906 |
_a7 _bcbc _corigcop _d2 _encip _f20 _gy-gencatlg |
||
| 942 |
_2ddc _cBK _n0 |
||
| 999 |
_c2496 _d2496 |
||